| 000 | 00741cab a2200241 4500 | ||
|---|---|---|---|
| 001 | WB3215-98 | ||
| 008 | 090401t1996 xxu||||| |||| 00| 0 eng d | ||
| 035 | _a(Sirsi) u70157 | ||
| 041 | _aeng | ||
| 245 | _aRecord valuation | ||
| 260 | _c1996 | ||
| 350 | _a0 | ||
| 490 |
_aProperty Week _v55(3) 18 April 1996, 5(1) |
||
| 520 | _aThe MoD has awarded Weatherall Green and Smith the UK`s largest ever valuation contract - valuing its 2,500 properties and 250,000 buildings throughout the country. | ||
| 650 | _aDEFENCE PROPERTY | ||
| 650 | _aMINISTRY OF DEFENCE | ||
| 650 | _aMOD ESTATE | ||
| 650 | _aMOD PROPERTY | ||
| 650 | _aWEATHERALL GREEN AND SMITH | ||
| 690 | _aRATING AND VALUATION | ||
| 942 | _n0 | ||
| 948 | _c04/03/1997 | ||
| 999 |
_c44136 _d44136 |
||